000 00644cam a2200205ua 4500
001 2250
005 20260515113450.0
008 110805n ii |||gr||||Z||||||eng
020 _a81-259-1293-2
040 _cMAIN
082 _a370
100 _aAggarwal, J. C.,
_eAuthor.
245 1 _aTheory & principles of education philosophical & sociological bases of education
_cby J. C. Aggarwal
250 _a12th.
260 _aNew Delhi:
_bVikas publishing house pvt. ltd,
_c2007.
300 _aix; 461p:
_c23cm.
653 _aEducation
653 _aTheory & principles of education philosophical & sociological bases of education
942 _cBK
999 _c2115
_d2115